00877nam a2200205Ia 4500003000400000005001700004008004100021020001800062040000900080082001700089100001900106245007300125260005500198300000900253650002400262942004000286952016500326952016500491999001500656OSt20200821144339.0190216s9999||||xx |||||||||||||| ||und|| a9788120317284 coclc a668.4bSIN/O aSinha, R94284 0aOutlines Of Polymer Technology:bManufacturer Of Polymers /cR Sinha bPrentice Hall Of India Pvt Ltd,c2002.aNew Delhi: a215p aChemistry-Chemistry cBK2ddch668.4iSIN/Ok668.4mSIN/O 00102ddc40708Technology of other organic products aMESbMEScCHEd2019-02-20g175.00l0o668.4 SIN/Op26483r2019-02-20 00:00:00t1w2019-02-20yBKzGL17R2 00102ddc40708Technology of other organic products aMESbMEScCHEd2019-02-20g175.00l0o668.4 SIN/Op28525r2019-02-20 00:00:00t2w2019-02-20yBKzGL17R2 c2962d2962